000 00537nam a22001577a 4500
082 _a891.439301
_bDEH
100 _aDehlvi, Mir Amman
245 _aBagh o Bahar /
_cMir Amman Dehlvi
260 _aLahore:
_bAl-Faisal, Publishers,
_c2017.
300 _a208p. ;
563 _aPB
880 _6100-01\(3\r
_aمیر امن دہلوی
880 _6245-02\(3\r
_aباغ و بہار\
_bمیر امن دہلوی
880 _6260-03\(3\r
_a لاہور:
_bالفیصل ناشران و تاجرانِ کتب،
_c2017.
942 _2ddc
_cBK
999 _c614234
_d614234